[Event "English Open Championship 2024"]
[Site "Holiday Inn, 212 Abbey End, Kenilworth CV8 1ED, United Kingdom"]
[Date "2024.06.21"]
[Round "4.25"]
[White "He, Tom Junde"]
[Black "Mason, Donald J"]
[Result "1/2-1/2"]
[TimeControl "G90 + 30secs/move"]
[WhiteFideId "488810"]
[BlackFideId "405116"]
[WhiteElo "1902"]
[BlackElo "2014"]

1. d4 {[%clk 01:30:57]} {[%emt 00:00:02]} Nf6 {[%clk 01:27:20]} {[%emt
00:03:40]} 2. c4 {[%clk 01:31:07]} {[%emt 00:00:20]} g6 {[%clk 01:27:07]}
{[%emt 00:00:44]} 3. Nc3 {[%clk 01:31:35]} {[%emt 00:00:02]} Bg7 {[%clk
01:27:17]} {[%emt 00:00:18]} 4. e4 {[%clk 01:31:42]} {[%emt 00:00:24]} d6
{[%clk 01:27:40]} {[%emt 00:00:06]} 5. Nf3 {[%clk 01:32:10]} {[%emt 00:00:03]}
O-O {[%clk 01:27:54]} {[%emt 00:00:16]} 6. h3 {[%clk 01:32:22]} {[%emt
00:00:18]} e5 {[%clk 01:26:57]} {[%emt 00:01:26]} 7. d5 {[%clk 01:32:43]}
{[%emt 00:00:09]} Na6 {[%clk 01:26:27]} {[%emt 00:01:00]} 8. g4 {[%clk
01:32:05]} {[%emt 00:01:08]} Nc5 {[%clk 01:24:23]} {[%emt 00:02:34]} 9. Qc2
{[%clk 01:30:33]} {[%emt 00:02:02]} a5 {[%clk 01:24:14]} {[%emt 00:00:39]} 10.
b3 {[%clk 01:30:26]} {[%emt 00:00:38]} Ne8 {[%clk 01:19:41]} {[%emt 00:05:01]}
11. Bg5 {[%clk 01:24:24]} {[%emt 00:06:33]} f6 {[%clk 01:16:45]} {[%emt
00:03:26]} 12. Bh4 {[%clk 01:19:18]} {[%emt 00:05:37]} Qd7 {[%clk 01:08:33]}
{[%emt 00:08:41]} 13. Nd2 {[%clk 01:15:58]} {[%emt 00:03:49]} Bh6 {[%clk
01:06:42]} {[%emt 00:02:21]} 14. Be2 {[%clk 01:10:27]} {[%emt 00:06:01]} Bf4
{[%clk 01:01:20]} {[%emt 00:05:52]} 15. Rg1 {[%clk 00:58:51]} {[%emt 00:12:06]}
c6 {[%clk 00:57:31]} {[%emt 00:04:19]} 16. Bg3 {[%clk 00:54:01]} {[%emt
00:05:20]} Bxg3 {[%clk 00:49:26]} {[%emt 00:08:34]} 17. Rxg3 {[%clk 00:49:40]}
{[%emt 00:04:52]} Nc7 {[%clk 00:49:31]} {[%emt 00:00:26]} 18. a3 {[%clk
00:45:13]} {[%emt 00:04:57]} Qe7 {[%clk 00:42:42]} {[%emt 00:07:17]} 19. Nf1
{[%clk 00:42:47]} {[%emt 00:02:56]} cxd5 {[%clk 00:42:22]} {[%emt 00:00:51]} 20.
cxd5 {[%clk 00:41:10]} {[%emt 00:02:07]} Bd7 {[%clk 00:38:22]} {[%emt
00:04:29]} 21. a4 {[%clk 00:32:28]} {[%emt 00:09:13]} N7a6 {[%clk 00:27:50]}
{[%emt 00:11:02]} 22. Bxa6 {[%clk 00:31:09]} {[%emt 00:01:48]} Rxa6 {[%clk
00:23:55]} {[%emt 00:04:25]} 23. Nd2 {[%clk 00:30:23]} {[%emt 00:01:17]} Rb6
{[%clk 00:24:01]} {[%emt 00:00:24]} 24. Rb1 {[%clk 00:27:39]} {[%emt 00:03:15]}
Rc8 {[%clk 00:12:02]} {[%emt 00:12:26]} 25. Nc4 {[%clk 00:27:04]} {[%emt
00:01:08]} Ra6 {[%clk 00:12:31]} {[%emt 00:00:01]} 26. Nb5 {[%clk 00:21:52]}
{[%emt 00:05:42]} Kh8 {[%clk 00:08:46]} {[%emt 00:04:14]} 27. Rc3 {[%clk
00:20:19]} {[%emt 00:02:03]} f5 {[%clk 00:07:45]} {[%emt 00:01:31]} 28. Ncxd6
{[%clk 00:16:41]} {[%emt 00:04:09]} Rxd6 {[%clk 00:08:01]} {[%emt 00:00:14]} 29.
Rxc5 {[%clk 00:17:00]} {[%emt 00:00:10]} Rxc5 {[%clk 00:07:56]} {[%emt
00:00:34]} 30. Qxc5 {[%clk 00:17:28]} {[%emt 00:00:03]} Bxb5 {[%clk 00:07:41]}
{[%emt 00:00:45]} 31. axb5 {[%clk 00:14:47]} {[%emt 00:03:12]} fxe4 {[%clk
00:06:02]} {[%emt 00:02:08]} 32. Rc1 {[%clk 00:12:34]} {[%emt 00:02:44]} e3
{[%clk 00:04:13]} {[%emt 00:02:18]} 33. fxe3 {[%clk 00:08:34]} {[%emt
00:04:30]} b6 {[%clk 00:04:42]} {[%emt 00:00:01]} 34. Qc8+ {[%clk 00:08:43]}
{[%emt 00:00:20]} Rd8 {[%clk 00:05:10]} {[%emt 00:00:03]} 35. Qc4 {[%clk
00:03:15]} {[%emt 00:05:58]} Qh4+ {[%clk 00:04:54]} {[%emt 00:00:45]} 36. Kd2
{[%clk 00:02:19]} {[%emt 00:01:13]} Qf2+ {[%clk 00:04:38]} {[%emt 00:00:59]} 37.
Kd3 {[%clk 00:02:35]} {[%emt 00:00:14]} Qf3 {[%clk 00:03:38]} {[%emt 00:01:30]}
38. Kc2 {[%clk 00:01:35]} {[%emt 00:01:31]} Qxd5 {[%clk 00:02:56]} {[%emt
00:01:11]} 39. Qxd5 {[%clk 00:00:35]} {[%emt 00:01:30]} Rxd5 {[%clk 00:03:17]}
{[%emt 00:00:09]} 40. Rd1 {[%clk 00:00:53]} {[%emt 00:00:02]} Rc5+ {[%clk
00:02:41]} {[%emt 00:01:16]} 41. Kb2 {[%clk 00:01:18]} {[%emt 00:00:06]} Rxb5
{[%clk 00:03:02]} {[%emt 00:00:09]} 42. Ka3 {[%clk 00:01:40]} {[%emt 00:00:07]}
g5 {[%clk 00:01:29]} {[%emt 00:02:02]} 43. Rd7 {[%clk 00:01:55]} {[%emt
00:00:15]} Rb4 {[%clk 00:00:42]} {[%emt 00:01:18]} 44. Rb7 {[%clk 00:02:08]}
{[%emt 00:00:18]} Kg8 {[%clk 00:01:00]} {[%emt 00:00:12]} 45. Ka2 {[%clk
00:02:17]} {[%emt 00:00:21]} a4 {[%clk 00:00:59]} {[%emt 00:00:30]} 46. bxa4
{[%clk 00:02:41]} {[%emt 00:00:06]} Rxa4+ {[%clk 00:01:24]} {[%emt 00:00:05]}
47. Kb2 {[%clk 00:02:48]} {[%emt 00:00:23]} Re4 {[%clk 00:01:22]} {[%emt
00:00:31]} 48. Rxb6 {[%clk 00:03:12]} {[%emt 00:00:07]} Rxe3 {[%clk 00:01:36]}
{[%emt 00:00:16]} 49. Re6 {[%clk 00:03:08]} {[%emt 00:00:31]} Kf7 {[%clk
00:00:57]} {[%emt 00:01:12]} 50. Rh6 {[%clk 00:03:33]} {[%emt 00:00:04]} Kg7
{[%clk 00:01:18]} {[%emt 00:00:10]} 51. Re6 {[%clk 00:04:00]} {[%emt 00:00:04]}
Rxh3 {[%clk 00:01:19]} {[%emt 00:00:29]} 52. Rxe5 {[%clk 00:04:27]} {[%emt
00:00:03]} Kf6 {[%clk 00:01:34]} {[%emt 00:00:14]} 53. Rf5+ {[%clk 00:04:46]}
{[%emt 00:00:11]} Kg6 {[%clk 00:01:58]} {[%emt 00:00:06]} 54. Ra5 {[%clk
00:05:06]} {[%emt 00:00:08]} Rh4 {[%clk 00:02:16]} {[%emt 00:00:14]} 55. Ra4
{[%clk 00:04:59]} {[%emt 00:00:37]} h5 {[%clk 00:01:14]} {[%emt 00:01:32]} 56.
Ra6+ {[%clk 00:05:24]} {[%emt 00:00:06]} Kf7 {[%clk 00:01:23]} {[%emt
00:00:19]} 57. gxh5 {[%clk 00:05:50]} {[%emt 00:00:05]} Rxh5 {[%clk 00:01:28]}
{[%emt 00:00:24]} 58. Kc3 {[%clk 00:06:11]} {[%emt 00:00:10]} Kg7 {[%clk
00:01:11]} {[%emt 00:00:47]} 59. Kd3 {[%clk 00:06:32]} {[%emt 00:00:09]} Rh6
{[%clk 00:01:32]} {[%emt 00:00:08]} 60. Ra5 {[%clk 00:06:14]} {[%emt 00:00:48]}
Kg6 {[%clk 00:01:23]} {[%emt 00:00:39]} 61. Ke3 {[%clk 00:06:36]} {[%emt
00:00:09]} Kh5 {[%clk 00:01:31]} {[%emt 00:00:21]} 62. Kf3 {[%clk 00:06:59]}
{[%emt 00:00:08]} Rb6 {[%clk 00:01:48]} {[%emt 00:00:13]} 63. Ra2 {[%clk
00:06:09]} {[%emt 00:01:20]} Rb3+ {[%clk 00:01:54]} {[%emt 00:00:24]} 64. Kg2
{[%clk 00:06:34]} {[%emt 00:00:05]} Kh4 {[%clk 00:02:10]} {[%emt 00:00:13]} 65.
Rc2 {[%clk 00:06:38]} {[%emt 00:00:26]} g4 {[%clk 00:02:04]} {[%emt 00:00:36]}
66. Ra2 {[%clk 00:07:05]} {[%emt 00:00:03]} Rg3+ {[%clk 00:01:31]} {[%emt
00:01:02]} 67. Kh2 {[%clk 00:07:26]} {[%emt 00:00:10]} Rf3 {[%clk 00:01:04]}
{[%emt 00:00:56]} 1/2-1/2

[Event "English Open Championship 2024"]
[Site "Holiday Inn, 212 Abbey End, Kenilworth CV8 1ED, United Kingdom"]
[Date "2024.06.21"]
[Round "4.26"]
[White "Zhu, Pengxiao"]
[Black "Schell, Finn"]
[Result "0-1"]
[TimeControl "G90 + 30secs/move"]
[WhiteFideId "499307"]
[BlackFideId "343406378"]
[WhiteElo "2033"]
[BlackElo "1863"]

1. d4 {[%clk 01:30:57]} {[%emt 00:00:03]} d5 {[%clk 01:30:58]} {[%emt
00:00:02]} 2. c4 {[%clk 01:31:19]} {[%emt 00:00:07]} e6 {[%clk 01:31:28]} 3.
Nc3 {[%emt 00:00:11]} Nf6 {[%clk 01:31:55]} 4. cxd5 {[%clk 01:32:05]} {[%emt
00:00:06]} exd5 {[%clk 01:32:23]} {[%emt 00:00:02]} 5. Bg5 {[%clk 01:32:28]}
{[%emt 00:00:07]} c6 {[%clk 01:32:50]} {[%emt 00:00:04]} 6. e3 {[%clk
01:32:51]} {[%emt 00:00:07]} h6 {[%clk 01:33:18]} {[%emt 00:00:01]} 7. Bh4
{[%clk 01:33:13]} {[%emt 00:00:08]} Be7 {[%clk 01:33:47]} {[%emt 00:00:02]} 8.
Bd3 {[%clk 01:33:34]} {[%emt 00:00:08]} O-O {[%emt 00:00:18]} 9. Qc2 {[%clk
01:33:49]} Re8 {[%clk 01:34:42]} {[%emt 00:00:03]} 10. Nge2 {[%clk 01:34:06]}
{[%emt 00:00:12]} Nbd7 {[%clk 01:35:09]} {[%emt 00:00:03]} 11. O-O {[%clk
01:34:25]} {[%emt 00:00:10]} a5 {[%clk 01:35:34]} {[%emt 00:00:06]} 12. Rac1
{[%clk 01:34:41]} {[%emt 00:00:14]} Nh5 {[%clk 01:35:18]} {[%emt 00:00:46]} 13.
Bxe7 {[%clk 01:33:53]} {[%emt 00:01:19]} Qxe7 {[%clk 01:35:46]} {[%emt
00:00:02]} 14. Rfe1 {[%clk 01:31:41]} {[%emt 00:02:42]} Ndf6 {[%clk 01:31:46]}
{[%emt 00:04:30]} 15. Ng3 {[%clk 01:29:20]} {[%emt 00:02:50]} g6 {[%clk
01:30:03]} {[%emt 00:02:14]} 16. Nxh5 {[%clk 01:23:30]} {[%emt 00:06:20]} Nxh5
{[%clk 01:30:11]} {[%emt 00:00:22]} 17. f3 {[%clk 01:18:34]} {[%emt 00:05:25]}
Qg5 {[%clk 01:13:54]} {[%emt 00:16:46]} 18. e4 {[%clk 01:14:35]} {[%emt
00:04:30]} Bh3 {[%clk 01:09:17]} {[%emt 00:05:07]} 19. Kh1 {[%clk 01:10:15]}
{[%emt 00:04:51]} Bxg2+ {[%clk 01:09:17]} {[%emt 00:00:29]} 20. Qxg2 {[%clk
01:08:15]} {[%emt 00:02:30]} Qxg2+ {[%clk 01:09:42]} {[%emt 00:00:05]} 21. Kxg2
{[%clk 01:08:41]} {[%emt 00:00:04]} Nf4+ {[%clk 01:10:07]} {[%emt 00:00:04]} 22.
Kf2 {[%clk 01:08:56]} {[%emt 00:00:16]} Nxd3+ {[%emt 00:00:05]} 23. Ke3 {[%emt
00:00:04]} dxe4 {[%clk 01:09:52]} {[%emt 00:00:36]} 24. fxe4 {[%clk 01:08:56]}
{[%emt 00:00:30]} Nxe1 {[%clk 01:09:08]} {[%emt 00:01:14]} 25. Rxe1 {[%clk
01:09:21]} {[%emt 00:00:06]} b5 {[%clk 01:08:57]} {[%emt 00:00:40]} 26. e5
{[%clk 01:07:47]} {[%emt 00:02:05]} Kg7 {[%clk 01:06:54]} {[%emt 00:02:32]} 27.
Ne4 {[%clk 01:08:10]} {[%emt 00:00:07]} Rad8 {[%clk 01:02:29]} {[%emt
00:04:55]} 28. Rc1 {[%clk 01:08:23]} {[%emt 00:00:17]} Re6 {[%clk 01:02:17]}
{[%emt 00:00:40]} 29. Nc5 {[%clk 01:08:29]} {[%emt 00:00:26]} Re7 {[%clk
01:02:24]} {[%emt 00:00:24]} 30. Nb3 {[%clk 01:08:49]} {[%emt 00:00:09]} f6
{[%clk 01:01:27]} {[%emt 00:01:28]} 31. Nxa5 {[%clk 01:08:00]} {[%emt
00:01:19]} fxe5 {[%clk 01:01:22]} {[%emt 00:00:34]} 32. Nxc6 {[%clk 01:07:48]}
{[%emt 00:00:42]} Rc7 {[%clk 01:01:16]} {[%emt 00:00:35]} 33. Nxd8 {[%clk
00:48:21]} {[%emt 00:19:58]} Rxc1 {[%clk 01:01:45]} {[%emt 00:00:02]} 34. dxe5
{[%clk 00:48:31]} {[%emt 00:00:20]} Rh1 {[%clk 01:01:38]} {[%emt 00:00:36]} 35.
e6 {[%clk 00:48:09]} {[%emt 00:00:54]} Kf6 {[%clk 01:01:38]} {[%emt 00:00:28]}
36. Nc6 {[%clk 00:48:21]} {[%emt 00:00:19]} Rxh2 {[%clk 00:59:53]} {[%emt
00:02:15]} 37. e7 {[%clk 00:48:11]} {[%emt 00:00:40]} Kf7 {[%clk 01:00:16]}
{[%emt 00:00:07]} 38. Ne5+ {[%clk 00:48:09]} {[%emt 00:00:32]} Kxe7 {[%clk
01:00:42]} {[%emt 00:00:04]} 39. Nxg6+ {[%clk 00:48:28]} {[%emt 00:00:12]} Kf6
{[%clk 01:00:42]} {[%emt 00:00:29]} 40. Nf4 {[%clk 00:48:38]} {[%emt 00:00:20]}
Rxb2 {[%clk 01:00:47]} {[%emt 00:00:26]} 41. Nd5+ {[%clk 00:48:35]} {[%emt
00:00:33]} Ke5 {[%clk 01:01:02]} {[%emt 00:00:15]} 0-1

[Event "English Open Championship 2024"]
[Site "Holiday Inn, 212 Abbey End, Kenilworth CV8 1ED, United Kingdom"]
[Date "2024.06.21"]
[Round "4.27"]
[White "Yu, Rock"]
[Black "Pilley, Jack"]
[Result "1/2-1/2"]
[TimeControl "G90 + 30secs/move"]
[WhiteFideId "489000"]
[BlackFideId "343403840"]
[WhiteElo "1939"]
[BlackElo "1877"]

1. c4 {[%clk 01:27:19]} {[%emt 00:03:41]} Nf6 {[%clk 01:30:55]} {[%emt
00:00:05]} 2. Nc3 {[%clk 01:27:48]} {[%emt 00:00:01]} e6 {[%clk 01:31:16]}
{[%emt 00:00:09]} 3. e4 {[%clk 01:28:18]} {[%emt 00:00:01]} d5 {[%clk
01:31:26]} {[%emt 00:00:20]} 4. e5 {[%clk 01:28:43]} {[%emt 00:00:05]} d4
{[%clk 01:26:58]} {[%emt 00:04:58]} 5. exf6 {[%clk 01:28:48]} {[%emt 00:00:24]}
dxc3 {[%clk 01:27:24]} {[%emt 00:00:04]} 6. bxc3 {[%emt 00:00:12]} Qxf6 {[%clk
01:27:14]} {[%emt 00:00:28]} 7. d4 {[%clk 01:29:40]} {[%emt 00:00:08]} c5
{[%clk 01:26:52]} {[%emt 00:00:53]} 8. Nf3 {[%clk 01:30:05]} {[%emt 00:00:05]}
h6 {[%clk 01:24:34]} {[%emt 00:02:47]} 9. Be2 {[%clk 01:26:57]} {[%emt
00:03:37]} Bd6 {[%clk 01:23:41]} {[%emt 00:01:24]} 10. O-O {[%clk 01:26:39]}
{[%emt 00:00:49]} O-O {[%clk 01:23:56]} {[%emt 00:00:11]} 11. Rb1 {[%clk
01:22:07]} {[%emt 00:05:05]} Nd7 {[%clk 01:19:21]} {[%emt 00:05:05]} 12. Be3
{[%clk 01:18:14]} {[%emt 00:04:23]} b6 {[%clk 01:12:28]} {[%emt 00:07:24]} 13.
Qd2 {[%clk 01:17:04]} {[%emt 00:01:40]} Rd8 {[%clk 01:09:48]} {[%emt 00:03:10]}
14. Rfd1 {[%clk 01:08:01]} {[%emt 00:09:32]} Bb7 {[%clk 01:02:30]} {[%emt
00:07:49]} 15. Qc2 {[%clk 01:04:55]} {[%emt 00:03:36]} Rac8 {[%clk 00:58:31]}
{[%emt 00:04:28]} 16. a4 {[%clk 01:00:27]} {[%emt 00:04:58]} Qe7 {[%clk
00:41:39]} {[%emt 00:17:20]} 17. a5 {[%clk 00:57:32]} {[%emt 00:03:28]} Bc7
{[%clk 00:30:20]} {[%emt 00:11:49]} 18. axb6 {[%clk 00:56:22]} {[%emt
00:01:39]} axb6 {[%clk 00:30:37]} {[%emt 00:00:13]} 19. h3 {[%clk 00:47:41]}
{[%emt 00:09:11]} Ba8 {[%clk 00:27:28]} {[%emt 00:03:39]} 20. Qc1 {[%clk
00:44:56]} {[%emt 00:03:15]} Be4 {[%clk 00:24:50]} {[%emt 00:03:08]} 21. Ra1
{[%clk 00:44:26]} {[%emt 00:01:00]} Ra8 {[%clk 00:24:17]} {[%emt 00:01:03]} 22.
Rxa8 {[%clk 00:42:39]} {[%emt 00:02:17]} Rxa8 {[%clk 00:24:24]} {[%emt
00:00:23]} 23. Bf4 {[%clk 00:42:24]} {[%emt 00:00:45]} Nf6 {[%clk 00:16:39]}
{[%emt 00:08:15]} 24. Bxc7 {[%clk 00:40:06]} {[%emt 00:02:47]} Qxc7 {[%clk
00:17:08]} {[%emt 00:00:02]} 25. Qb2 {[%clk 00:40:00]} {[%emt 00:00:37]} Rd8
{[%clk 00:15:07]} {[%emt 00:02:29]} 26. Ne5 {[%clk 00:38:34]} {[%emt 00:01:57]}
Nd7 {[%clk 00:14:37]} {[%emt 00:00:59]} 27. Nxd7 {[%clk 00:37:38]} {[%emt
00:01:27]} Rxd7 {[%clk 00:15:04]} {[%emt 00:00:04]} 28. Qd2 {[%clk 00:36:42]}
{[%emt 00:01:24]} Bb7 {[%clk 00:13:54]} {[%emt 00:01:39]} 1/2-1/2

[Event "English Open Championship 2024"]
[Site "Holiday Inn, 212 Abbey End, Kenilworth CV8 1ED, United Kingdom"]
[Date "2024.06.21"]
[Round "4.28"]
[White "Sachdeva, Ronit"]
[Black "Varley, Joe"]
[Result "1-0"]
[TimeControl "G90 + 30secs/move"]
[WhiteFideId "343401589"]
[BlackFideId "461962"]
[WhiteElo "1907"]
[BlackElo "1948"]

1. d4 {[%clk 01:30:54]} {[%emt 00:00:05]} Nf6 {[%clk 01:30:50]} {[%emt
00:00:10]} 2. c4 {[%clk 01:31:19]} {[%emt 00:00:05]} g6 {[%clk 01:31:15]}
{[%emt 00:00:06]} 3. g3 {[%clk 01:31:44]} {[%emt 00:00:03]} Bg7 {[%clk
01:31:40]} {[%emt 00:00:06]} 4. Bg2 {[%clk 01:32:09]} {[%emt 00:00:05]} d5
{[%clk 01:32:03]} {[%emt 00:00:07]} 5. cxd5 {[%clk 01:32:31]} {[%emt 00:00:09]}
Nxd5 {[%clk 01:32:27]} {[%emt 00:00:05]} 6. e4 {[%clk 01:32:49]} {[%emt
00:00:11]} Nb6 {[%clk 01:32:38]} {[%emt 00:00:20]} 7. Ne2 {[%clk 01:33:12]}
{[%emt 00:00:07]} O-O {[%clk 01:32:43]} {[%emt 00:00:24]} 8. O-O {[%clk
01:33:37]} {[%emt 00:00:05]} Nc6 {[%clk 01:27:04]} {[%emt 00:06:09]} 9. d5
{[%clk 01:34:01]} {[%emt 00:00:07]} Na5 {[%clk 01:27:04]} {[%emt 00:00:31]} 10.
Nbc3 {[%clk 01:34:17]} {[%emt 00:00:12]} Nac4 {[%clk 01:23:58]} {[%emt
00:03:37]} 11. b3 {[%clk 01:33:00]} {[%emt 00:01:48]} Nd6 {[%clk 01:24:14]}
{[%emt 00:00:13]} 12. a4 {[%clk 01:31:46]} {[%emt 00:01:44]} f5 {[%clk
01:20:59]} {[%emt 00:03:45]} 13. Ra2 {[%clk 01:17:51]} {[%emt 00:14:26]} fxe4
{[%clk 01:15:05]} {[%emt 00:06:23]} 14. a5 {[%clk 01:15:46]} {[%emt 00:02:36]}
Nd7 {[%clk 01:15:23]} {[%emt 00:00:11]} 15. Nxe4 {[%clk 01:14:28]} {[%emt
00:01:48]} Ne5 {[%clk 01:10:50]} {[%emt 00:05:04]} 16. f4 {[%clk 01:07:55]}
{[%emt 00:07:03]} Ng4 {[%clk 01:08:27]} {[%emt 00:02:52]} 17. h3 {[%clk
01:07:11]} {[%emt 00:01:14]} Nxe4 {[%clk 01:06:49]} {[%emt 00:02:08]} 18. Bxe4
{[%clk 01:07:12]} {[%emt 00:00:29]} Nf6 {[%clk 01:07:05]} {[%emt 00:00:14]} 19.
Bg2 {[%clk 01:07:34]} {[%emt 00:00:06]} Qd6 {[%clk 01:05:53]} {[%emt 00:01:44]}
20. Ba3 {[%clk 01:04:58]} {[%emt 00:03:07]} Qd7 {[%clk 01:03:39]} {[%emt
00:02:43]} 21. Re1 {[%clk 00:50:55]} {[%emt 00:14:29]} Re8 {[%clk 00:59:55]}
{[%emt 00:04:17]} 22. Nc3 {[%clk 00:45:44]} {[%emt 00:05:42]} e6 {[%clk
01:00:19]} {[%emt 00:00:06]} 23. Rae2 {[%clk 00:42:55]} {[%emt 00:03:19]} Qf7
{[%clk 00:55:51]} {[%emt 00:04:59]} 24. g4 {[%clk 00:36:20]} {[%emt 00:07:04]}
Nxg4 {[%clk 00:51:50]} {[%emt 00:04:31]} 25. Ne4 {[%clk 00:28:49]} {[%emt
00:08:01]} Nh6 {[%clk 00:49:29]} {[%emt 00:02:51]} 26. Bc1 {[%clk 00:21:38]}
{[%emt 00:07:41]} Nf5 {[%clk 00:46:22]} {[%emt 00:03:36]} 27. Ng5 {[%clk
00:21:05]} {[%emt 00:01:04]} Qe7 {[%clk 00:44:44]} {[%emt 00:02:08]} 28. dxe6
{[%clk 00:14:04]} {[%emt 00:07:31]} Nd4 {[%clk 00:38:16]} {[%emt 00:06:58]} 29.
Re4 {[%clk 00:13:06]} {[%emt 00:01:26]} Rd8 {[%clk 00:38:39]} {[%emt 00:00:09]}
30. Nf7 {[%clk 00:12:43]} {[%emt 00:00:54]} Bxe6 {[%clk 00:35:36]} {[%emt
00:03:32]} 31. Nxd8 {[%clk 00:13:03]} {[%emt 00:00:10]} Rxd8 {[%clk 00:35:54]}
{[%emt 00:00:12]} 32. Bb2 {[%clk 00:09:16]} {[%emt 00:04:17]} Qc5 {[%clk
00:34:19]} {[%emt 00:02:05]} 33. Kh1 {[%clk 00:07:37]} {[%emt 00:02:08]} Nc6
{[%clk 00:33:04]} {[%emt 00:01:46]} 34. Qa1 {[%clk 00:07:56]} {[%emt 00:00:11]}
Bxb2 {[%clk 00:27:27]} {[%emt 00:06:08]} 35. Qxb2 {[%clk 00:08:21]} {[%emt
00:00:05]} Bd5 {[%clk 00:26:16]} {[%emt 00:01:40]} 36. b4 {[%clk 00:08:06]}
{[%emt 00:00:45]} Qf8 {[%clk 00:25:16]} {[%emt 00:01:30]} 37. R4e3 {[%clk
00:06:24]} {[%emt 00:02:10]} Bxg2+ {[%clk 00:24:25]} {[%emt 00:01:23]} 38. Qxg2
{[%clk 00:06:37]} {[%emt 00:00:17]} Qxb4 {[%clk 00:23:57]} {[%emt 00:00:58]} 39.
a6 {[%clk 00:06:09]} {[%emt 00:00:58]} Rd2 {[%clk 00:23:12]} {[%emt 00:01:15]}
40. R3e2 {[%clk 00:05:38]} {[%emt 00:01:00]} Rxe2 {[%clk 00:23:07]} {[%emt
00:00:34]} 41. Qxe2 {[%clk 00:05:55]} {[%emt 00:00:15]} Qb3 {[%clk 00:21:41]}
{[%emt 00:01:56]} 42. Qe6+ {[%clk 00:01:16]} {[%emt 00:05:09]} Qxe6 {[%clk
00:22:02]} {[%emt 00:00:09]} 43. Rxe6 {[%clk 00:01:45]} {[%emt 00:00:01]} Kf7
{[%clk 00:22:24]} {[%emt 00:00:08]} 44. Re1 {[%clk 00:02:02]} {[%emt 00:00:13]}
bxa6 {[%clk 00:22:43]} {[%emt 00:00:11]} 45. Rc1 {[%clk 00:02:22]} {[%emt
00:00:11]} Nd4 {[%clk 00:22:52]} {[%emt 00:00:20]} 46. Rxc7+ {[%clk 00:02:44]}
{[%emt 00:00:09]} Kf6 {[%clk 00:23:12]} {[%emt 00:00:09]} 47. Rxh7 {[%clk
00:02:36]} {[%emt 00:00:39]} Nb5 {[%clk 00:23:27]} {[%emt 00:00:14]} 48. Kg2
{[%clk 00:02:40]} {[%emt 00:00:26]} Kf5 {[%clk 00:23:21]} {[%emt 00:00:35]} 49.
Kg3 {[%clk 00:02:59]} {[%emt 00:00:10]} g5 {[%clk 00:16:59]} {[%emt 00:06:53]}
50. Rh5 {[%clk 00:02:55]} {[%emt 00:00:33]} Nd4 {[%clk 00:15:34]} {[%emt
00:01:57]} 51. Rxg5+ {[%clk 00:03:05]} {[%emt 00:00:20]} Kf6 {[%clk 00:15:53]}
{[%emt 00:00:11]} 52. Ra5 {[%clk 00:03:19]} {[%emt 00:00:13]} Nf5+ {[%clk
00:15:36]} {[%emt 00:00:50]} 53. Kg4 {[%clk 00:02:44]} {[%emt 00:01:00]} Ne3+
{[%clk 00:15:37]} {[%emt 00:00:34]} 54. Kf3 {[%clk 00:03:03]} {[%emt 00:00:09]}
Nf5 {[%clk 00:16:00]} {[%emt 00:00:09]} 55. Rxa6+ {[%clk 00:03:29]} {[%emt
00:00:05]} Kg7 {[%clk 00:16:23]} {[%emt 00:00:05]} 56. Rxa7+ {[%clk 00:03:56]}
{[%emt 00:00:04]} Kg6 {[%clk 00:16:45]} {[%emt 00:00:08]} 57. Ra6+ {[%clk
00:04:21]} {[%emt 00:00:06]} Kg7 {[%clk 00:17:07]} {[%emt 00:00:07]} 58. Kg4
{[%clk 00:04:40]} {[%emt 00:00:10]} Ne3+ {[%clk 00:17:25]} {[%emt 00:00:13]} 59.
Kg5 {[%clk 00:05:03]} {[%emt 00:00:06]} Nd5 {[%clk 00:17:34]} {[%emt 00:00:22]}
60. Ra7+ {[%clk 00:05:24]} {[%emt 00:00:09]} Kg8 {[%clk 00:17:43]} {[%emt
00:00:20]} 61. f5 {[%clk 00:05:37]} {[%emt 00:00:18]} Kf8 {[%clk 00:17:55]}
{[%emt 00:00:18]} 62. h4 {[%clk 00:05:37]} {[%emt 00:00:30]} Kg8 {[%clk
00:18:16]} {[%emt 00:00:08]} 63. h5 {[%clk 00:05:20]} {[%emt 00:00:47]} Kf8
{[%clk 00:18:08]} {[%emt 00:00:38]} 64. h6 {[%clk 00:05:26]} {[%emt 00:00:24]}
Kg8 {[%clk 00:18:34]} {[%emt 00:00:04]} 65. h7+ {[%clk 00:05:35]} {[%emt
00:00:22]} Kh8 {[%clk 00:19:00]} {[%emt 00:00:04]} 66. Kh6 {[%clk 00:03:54]}
{[%emt 00:02:09]} Nc7 {[%clk 00:18:46]} {[%emt 00:00:46]} 67. f6 {[%clk
00:03:57]} {[%emt 00:00:28]} Ne8 {[%clk 00:18:30]} {[%emt 00:00:44]} 68. f7
{[%clk 00:04:08]} {[%emt 00:00:18]} Nf6 {[%clk 00:18:55]} {[%emt 00:00:07]} 69.
f8=R+ {[%clk 00:04:29]} {[%emt 00:00:09]} Ng8+ {[%clk 00:19:18]} {[%emt
00:00:08]} 70. Rxg8# {[%clk 00:04:56]} {[%emt 00:00:03]} 1-0